000 00648nam a2200205 a 4500
005 20210223125050.0
008 030812s1997 ag r 000 0 spa d
020 _a9508020563
035 _aUPN01000127845
049 _aCG
050 4 _aJC599 A7
_bD4.7
245 0 4 _aLos derechos humanos :
_bcompromiso ético del trabajo social /
_cCarlos Eroles ... [et al.] ; comp. Carlos Eroles.
260 _aBuenos Aires :
_bEspacio,
_c1997.
300 _a171 p.
440 0 _aCiencias sociales
650 4 _aDERECHOS HUMANOS -
_zARGENTINA
_914690
650 4 _aSERVICIO SOCIAL -
_zARGENTINA
_97230
700 1 _aEroles, Carlos,
_ecoaut.
905 _aLibro
999 _c100024
_d100024